000 00455cam a2200193 4500
001 D9402
008 090401t1984 xxu||||| |||| 00| 0 eng d
035 _a(Sirsi) u19377
041 _aeng
050 _a692.8
100 _aTurner, Dennis F
245 _aStandard contracts for building
260 _aLondon
_bGeorge Godwin
_c1984
300 _ax. 234p. 22cm
350 _a5.5
490 _aGodwin Study Guides
942 _n0
948 _c04/03/1997
999 _c87672
_d87672